Hướng dẫn công nghệ và sử dụng thiết bị sơ chế, bảo quản vải, nhãn
Sách gồm 4 chương giới thiệu tổng quản về vải, nhãn; quy trình công nghệ sơ chế bảo quản quả vải, nhãn; một số thiết bị sử dụng trong thu hoạch, sơ chế, bảo quản và vận chuyển tiêu thụ nhãn, vải....
Kaydedildi:
| Müşterek Yazar: | |
|---|---|
| Materyal Türü: | Kitap |
| Dil: | Undetermined |
| Baskı/Yayın Bilgisi: |
Hà Nội
Nông nghiệp
2018
|
| Konular: | |
| Etiketler: |
Etiketle
Etiket eklenmemiş, İlk siz ekleyin!
|
| Thư viện lưu trữ: | Trung tâm Học liệu Trường Đại học Cần Thơ |
|---|
| LEADER | 00994nam a2200205Ia 4500 | ||
|---|---|---|---|
| 001 | CTU_228392 | ||
| 008 | 210402s9999 xx 000 0 und d | ||
| 082 | |a 664.028 | ||
| 082 | |b H452 | ||
| 110 | |a Hội Cơ khí Nông nghiệp Việt Nam | ||
| 245 | 0 | |a Hướng dẫn công nghệ và sử dụng thiết bị sơ chế, bảo quản vải, nhãn | |
| 245 | 0 | |c Hội Cơ khí Nông nghiệp Việt Nam | |
| 260 | |a Hà Nội | ||
| 260 | |b Nông nghiệp | ||
| 260 | |c 2018 | ||
| 520 | |a Sách gồm 4 chương giới thiệu tổng quản về vải, nhãn; quy trình công nghệ sơ chế bảo quản quả vải, nhãn; một số thiết bị sử dụng trong thu hoạch, sơ chế, bảo quản và vận chuyển tiêu thụ nhãn, vải. | ||
| 650 | |a Thực phẩm,Food | ||
| 650 | |x Bảo quản,Preservation | ||
| 910 | |b nthai | ||
| 980 | |a Trung tâm Học liệu Trường Đại học Cần Thơ | ||